[Event "Perth Major 2019"]
[Site "Perth SCO"]
[Date "2019.02.10"]
[Round "5"]
[White "McRobert, George R"]
[Black "Flood, Raymond"]
[Result "0-1"]
[WhiteElo "1373"]
[BlackElo "1649"]
[PlyCount "99"]
[EventDate "2019.02.08"]

1. e4 d5 2. e5 c5 3. c3 Nc6 4. d4 Bf5 5. Ne2 e6 6. Ng3 Bg6 7. Bd3 cxd4 8. h4
dxc3 9. Nxc3 Bxd3 10. Qxd3 Nxe5 11. Qe2 Nc6 12. b3 Bb4 13. Bd2 Nd4 14. Qd3 Nc6
15. Nh5 g6 16. Nf4 Nge7 17. h5 g5 18. Nfe2 h6 19. O-O d4 20. Ne4 Nf5 21. Bc1
Be7 22. Bb2 e5 23. Rfe1 Qd7 24. Rac1 Nb4 25. Qb1 Nd5 26. Nc5 Bxc5 27. Rxc5 Rc8
28. Rxd5 Qxd5 29. Qxf5 Qe6 30. Qd3 O-O 31. f4 gxf4 32. Nxf4 Qd6 33. Ne2 f5 34.
Qg3+ Kh7 35. Nxd4 f4 36. Qd3+ Kg8 37. Ba3 Qxa3 38. Qg6+ Kh8 39. Nf5 Rc7 40.
Rxe5 Qc1+ 41. Kh2 f3 42. Re7 Rxe7 43. Nxe7 Qf4+ 44. g3 Qf6 45. Qe4 Rf7 46. Ng6+
Kg7 47. Nf4 Re7 48. Qxf3 Qf5 49. Qc3+ Kh7 50. Kg2 0-1

[Event "Perth Major 2019"]
[Site "Perth SCO"]
[Date "2019.02.10"]
[Round "5"]
[White "Doris, Peter"]
[Black "Noble, Raymond"]
[Result "1-0"]
[WhiteElo "1477"]
[BlackElo "1482"]
[PlyCount "51"]
[EventDate "2019.02.08"]

1. d4 e5 2. dxe5 Nc6 3. Bf4 Qe7 4. Qd2 Nxe5 5. e3 g5 6. Bg3 h5 7. h4 Bg7 8. Nc3
d6 9. O-O-O g4 10. Nge2 Be6 11. Nd4 Nc4 12. Qd3 Ne5 13. Qb5+ c6 14. Qa4 b5 15.
Qa6 b4 16. Nxe6 fxe6 17. Bxe5 Bxe5 18. Qxc6+ Kf7 19. Ne4 Rd8 20. Ng5+ Kf8 21.
f4 Bg7 22. Bc4 Qf6 23. Nxe6+ Ke7 24. Nxg7 Qxg7 25. Qe4+ Kd7 26. Qb7+ 1-0

[Event "Perth Major 2019"]
[Site "Perth SCO"]
[Date "2019.02.10"]
[Round "5"]
[White "Macgilchrist, Siegrun"]
[Black "Dutta, Nandini"]
[Result "1-0"]
[WhiteElo "1607"]
[BlackElo "1240"]
[PlyCount "135"]
[EventDate "2019.02.08"]

1. c4 Nf6 2. g3 e6 3. Bg2 d5 4. cxd5 exd5 5. e3 c5 6. d4 cxd4 7. Qxd4 Nc6 8.
Qd1 Be6 9. Ne2 Bc5 10. O-O O-O 11. Nbc3 Rb8 12. b3 d4 13. Bxc6 dxc3 14. Qxd8
Rfxd8 15. Bg2 Bd6 16. Nxc3 Be5 17. Bb2 Rd2 18. Rab1 Bf5 19. e4 Nxe4 20. Na4
Bxb2 21. Rxb2 Rbd8 22. f3 Nf6 23. g4 Be6 24. g5 Ne8 25. f4 Rxb2 26. Nxb2 Rd2
27. Rf2 Rxf2 28. Kxf2 b6 29. Ke3 Bc8 30. Nc4 g6 31. Bd5 Kg7 32. Bc6 Nc7 33. Nd6
Be6 34. Kd4 f6 35. h4 Bg4 36. b4 fxg5 37. hxg5 h6 38. gxh6+ Kxh6 39. Nf7+ Kh5
40. Ng5 Kh4 41. Ke5 Kg3 42. a3 Na6 43. Ne4+ Kh4 44. Kd6 Nb8 45. Be8 Bf5 46. Ke5
Nd7+ 47. Bxd7 Bxd7 48. Ng5 Kg4 49. Ne4 Bf5 50. Nf6+ Kf3 51. Nd5 Kg4 52. Nc7 Bd7
53. Nd5 Kf3 54. Ne7 Be8 55. Nc8 a6 56. Nxb6 Ke3 57. Nd5+ Kd3 58. Nc7 Bb5 59.
Nxb5 axb5 60. Kd5 Ke3 61. Ke5 Kf3 62. f5 gxf5 63. Kxf5 Ke3 64. Ke5 Kd3 65. Kd5
Kc3 66. Kc5 Kb3 67. Kxb5 Kxa3 68. Ka5 1-0